[Event "Windsor NAYCC U14"]
[Site "Windsor"]
[Date "2016.08.11"]
[Round "8.67"]
[White "Zhang, Henry"]
[Black "Padmanabhan, Karthik Sai"]
[Result "1-0"]
[WhiteElo "1957"]
[BlackElo "1818"]
[PlyCount "171"]
[EventDate "2016.08.07"]
[EventType "swiss"]
[EventRounds "9"]
[EventCountry "CAN"]
[SourceTitle "EXT 2022"]
[Source "ChessBase"]
[SourceDate "2021.10.06"]
[SourceVersion "1"]
[SourceVersionDate "2021.10.06"]
[SourceQuality "1"]

1. e4 e5 2. Nf3 Nc6 3. Bc4 Bc5 4. d3 Nf6 5. 0-0 d6 6. c3 a6 7. Bb3 Ba7 8. Nbd2 0-0 9. h3 h6 10. Re1 Nh5 11. Nf1 Qf6 12. Be3 Nf4 13. Bxa7 Rxa7 14. N3h2 Qg5 15. Ng3 h5 16. Nf3 Qf6 17. Kh1 Be6 18. Re3 g6 19. Ng1 Bxb3 20. Qxb3 Qe6 21. Qd1 Ne7 22. N3e2 Nxe2 23. Nxe2 Raa8 24. f4 f5 25. d4 fxe4 26. Rxe4 Qd5 27. Qc2 Nc6 28. c4 Qf7 29. d5 Nd4 30. Nxd4 exd4 31. Rae1 Rae8 32. Qd3 Qf5 33. Qxd4 Rxe4 34. Qxe4 Qxe4 35. Rxe4 Kf7 36. g3 Rc8 37. Re6 b5 38. cxb5 axb5 39. Re4 c5 40. dxc6 Rxc6 41. Rb4 Rc5 42. Kg2 Ke6 43. Kf3 Kf5 44. g4+ hxg4+ 45. hxg4+ Kf6 46. Rd4 Ke6 47. Ke4 Rc2 48. Rb4 Rc5 49. Kd3 Ke7 50. Re4+ Kf6 51. b3 Kf7 52. a4 bxa4 53. bxa4 d5 54. Rb4 Ke6 55. Rb6+ Kf7 56. Rb4 Ke6 57. Kd4 Ra5 58. Kc3 Kd6 59. g5 Ke6 60. Rd4 Kd6 61. Rb4 Ke6 62. Kb3 Ra6 63. Rd4 Rb6+ 64. Kc3 Kd6 65. a5 Rb8 66. a6 Ra8 67. Ra4 Ke6 68. Kd4 Kd6 69. a7 Kc6 70. Ra6+ Kb7 71. Rxg6 Kxa7 72. Kxd5 Kb7 73. Ke6 Kc6 74. Kf7+ Kd7 75. f5 Ra5 76. Rf6 Re5 77. g6 Re7+ 78. Kg8 Re8+ 79. Kh7 Re1 80. g7 Re7 81. Kh8 Re8+ 82. g8Q Rxg8+ 83. Kxg8 Ke7 84. Re6+ Kd7 85. f6 Kxe6 86. f7 1-0

[Event "Windsor NAYCC U14"]
[Site "Windsor"]
[Date "2016.08.10"]
[Round "7.60"]
[White "Nakada, Akira W"]
[Black "Zhang, Henry"]
[Result "1-0"]
[WhiteElo "1904"]
[BlackElo "1957"]
[PlyCount "75"]
[EventDate "2016.08.07"]
[EventType "swiss"]
[EventRounds "9"]
[EventCountry "CAN"]
[SourceTitle "EXT 2022"]
[Source "ChessBase"]
[SourceDate "2021.10.06"]
[SourceVersion "1"]
[SourceVersionDate "2021.10.06"]
[SourceQuality "1"]

1. d4 Nf6 2. c4 g6 3. Nc3 d5 4. Bf4 Bg7 5. e3 0-0 6. Nf3 c5 7. dxc5 Na6 8. Be2 Nxc5 9. 0-0 Qb6 10. cxd5 Rd8 11. Bc4 Qxb2 12. Be5 Qb4 13. Qe2 Nfe4 14. Bxg7 Nxc3 15. Bxc3 Qxc3 16. Rac1 Qf6 17. h3 Bf5 18. Nd2 Ne4 19. Nxe4 Bxe4 20. Rfd1 Qe5 21. Rd4 Bf5 22. Rcd1 Rac8 23. f4 Qc7 24. e4 Bd7 25. e5 Ba4 26. R1d2 Qc5 27. Kh2 b5 28. Bb3 Bxb3 29. axb3 Qc3 30. Qxb5 Rb8 31. Qa6 Rxb3 32. R2d3 Qc2 33. Rxb3 Qxb3 34. Qxa7 h5 35. Qxe7 Rxd5 36. Rb4 Rxe5 37. Qd8+ Kg7 38. Rxb3 1-0

[Event "Canadian op"]
[Site "Windsor"]
[Date "2016.07.14"]
[Round "5"]
[White "Profit, Brian"]
[Black "Zhang, Henry"]
[Result "1-0"]
[WhiteElo "1896"]
[BlackElo "1939"]
[PlyCount "65"]
[EventDate "2016.07.10"]
[EventType "swiss"]
[EventRounds "9"]
[EventCountry "CAN"]
[SourceTitle "EXT 2017"]
[Source "ChessBase"]
[SourceDate "2016.10.25"]
[SourceVersion "1"]
[SourceVersionDate "2016.10.25"]
[SourceQuality "1"]

1. d4 Nf6 2. c4 g6 3. Nc3 d5 4. Bf4 Bg7 5. e3 0-0 6. Nf3 c5 7. dxc5 Na6 8. cxd5 Nxc5 9. Bc4 Qb6 10. Qe2 Bg4 11. 0-0 Bxf3 12. gxf3 Nh5 13. Bg3 Rac8 14. Rfd1 Nxg3 15. hxg3 Bxc3 16. bxc3 Na4 17. Rac1 Qc5 18. Bb3 Nxc3 19. Qe1 b5 20. Rc2 b4 21. Rd4 a5 22. a3 Qb6 23. axb4 axb4 24. Qd2 Qa5 25. Rb2 Ra8 26. Bc4 Rfb8 27. Kg2 Qc5 28. Bb3 Ra1 29. e4 Qd6 30. Bc2 Qe5 31. Rdxb4 Rxb4 32. Rxb4 Qh5 33. Rb8+ 1-0

[Event "Canadian op"]
[Site "Windsor"]
[Date "2016.07.13"]
[Round "4"]
[White "Zhang, Henry"]
[Black "Chiku Ratte, Olivier Kenta"]
[Result "0-1"]
[WhiteElo "1939"]
[BlackElo "2386"]
[PlyCount "44"]
[EventDate "2016.07.10"]
[EventType "swiss"]
[EventRounds "9"]
[EventCountry "CAN"]
[SourceTitle "EXT 2017"]
[Source "ChessBase"]
[SourceDate "2016.10.25"]
[SourceVersion "1"]
[SourceVersionDate "2016.10.25"]
[SourceQuality "1"]

1. e4 c5 2. Nf3 e6 3. c4 a6 4. Nc3 Qc7 5. Be2 d6 6. 0-0 Nf6 7. d4 cxd4 8. Nxd4 Be7 9. Be3 0-0 10. Rc1 b6 11. Qd2 Bb7 12. f3 Nbd7 13. Rfd1 Rac8 14. Bf1 Rfe8 15. a3 Qb8 16. b4 Bd8 17. Kh1 Bc7 18. Nb3 h5 19. Qf2 d5 20. cxd5 Bxh2 21. Bxb6 Bg3 22. Qe2 Qf4 0-1